Curso nacional de integración educativa : (Record no. 93951)
[ view plain ]
| 000 -CABECERA | |
|---|---|
| campo de control de longitud fija | 00800nam a2200229 a 4500 |
| 005 - FECHA Y HORA DE LA ÚLTIMA TRANSACCIÓN | |
| campo de control | 20250221063747.0 |
| 008 - ELEMENTOS DE LONGITUD FIJA--INFORMACIÓN GENERAL | |
| campo de control de longitud fija | 030203s2000 mx r 000 0 spa d |
| 020 ## - NÚMERO INTERNACIONAL NORMALIZADO PARA LIBROS | |
| Número Internacional Estándar del Libro | 9701840984 |
| 035 ## - NÚMERO DE CONTROL DEL SISTEMA | |
| Número de control de sistema | UPN01000121738 |
| 049 ## - COLECCIÓN | |
| Colección | LTG |
| 050 #4 - SIGNATURA TOPOGRÁFICA DE LA BIBLIOTECA DEL CONGRESO | |
| Número de clasificación | LB2003.3 A1.46 |
| Número de documento/Ítem | C8.7 GE |
| 245 00 - MENCIÓN DE TÍTULO | |
| Título | Curso nacional de integración educativa : |
| Resto del título | guía de estudio / |
| Mención de responsabilidad, etc. | coord. Ismael García Cedillo. |
| 260 ## - PUBLICACIÓN, DISTRIBUCIÓN, ETC. | |
| Lugar de publicación, distribución, etc. | México : |
| Nombre del editor, distribuidor, etc. | SEP, |
| Fecha de publicación, distribución, etc. | c2000. |
| 300 ## - DESCRIPCIÓN FÍSICA | |
| Extensión | 207 p. : |
| Otras características físicas | tablas |
| 440 #0 - MENCIÓN DE SERIE/ASIENTO SECUNDARIO--TÍTULO | |
| Título | Programa Nacional de Actualización Permanente |
| 650 #4 - ASIENTO SECUNDARIO DE MATERIA - TERMINO TEMATICO | |
| Término de materia o nombre geográfico como elemento de entrada | Maestros en servicio, Formación de |
| 9 (RLIN) | 390 |
| 650 #4 - ASIENTO SECUNDARIO DE MATERIA - TERMINO TEMATICO | |
| Término de materia o nombre geográfico como elemento de entrada | Educación especial |
| 9 (RLIN) | 3029 |
| 650 #4 - ASIENTO SECUNDARIO DE MATERIA - TERMINO TEMATICO | |
| Término de materia o nombre geográfico como elemento de entrada | Integración escolar |
| 9 (RLIN) | 306 |
| 700 1# - ASIENTO SECUNDARIO--NOMBRE DE PERSONAL | |
| Nombre de persona | García Cedillo, Ismael, |
| Término indicativo de función/relación | coord. |
| 9 (RLIN) | 32796 |
| 710 1# - ASIENTO SECUNDARIO - NOMBRE CORPORATIVO | |
| Nombre de entidad corporativa o nombre de jurisdicción como elemento de entrada | México. |
| Unidad subordinada | Subsecretaría de Educación Básica y Normal |
| 9 (RLIN) | 27954 |
| 905 ## - TIPO DE MATERIAL | |
| Tipo de material | Libro |
| Estado de retiro | Estado de pérdida | Fuente del sistema de clasificación o colocación | Estado dañado | No para préstamo | Código de colección | Localización permanente | Ubicación/localización actual | Ubicación en estantería | Fecha de adquisición | Enumeración/cronología de publicación seriada | Clasificación | Código de barras | Fecha visto por última vez | Número de copia | Tipo de ítem Koha |
|---|---|---|---|---|---|---|---|---|---|---|---|---|---|---|---|
| Library of Congress Classification | Disponible (Préstamo en sala) | Libros de texto gratuitos | Bib. Gregorio Torres Quintero | Bib. Gregorio Torres Quintero | Colecciones especiales Planta alta | 03/05/2023 | Donación UNESCO | LB2003.3 A1.46 C8.7 GE | U367 | 31/12/2020 | 1 | Libro | |||
| Library of Congress Classification | Disponible (Préstamo en sala) | Libros de texto gratuitos | Bib. Gregorio Torres Quintero | Bib. Gregorio Torres Quintero | Colecciones especiales Planta alta | 03/05/2023 | Donación UNESCO | LB2003.3 A1.46 C8.7 GE | U365 | 31/12/2020 | 1 | Libro | |||
| Library of Congress Classification | Disponible (Préstamo en sala) | Libros de texto gratuitos | Bib. Gregorio Torres Quintero | Bib. Gregorio Torres Quintero | Colecciones especiales Planta alta | 03/05/2023 | LB2003.3 A1.46 C8.7 GE | 192890 | 31/12/2020 | 1 | Libro | ||||
| Library of Congress Classification | Disponible (Préstamo en sala) | Libros de texto gratuitos | Bib. Gregorio Torres Quintero | Bib. Gregorio Torres Quintero | Colecciones especiales Planta alta | 03/05/2023 | Donación UNESCO | LB2003.3 A1.46 C8.7 GE | U184 | 31/12/2020 | 1 | Libro |
